International organization.

Bibliographic Details
Main Author: Leonard, Leonard L. (Leonard Larry), 1916-2004
Format: Book
Language:English
Published: New York : McGraw-Hill, 1951.
Edition:1st ed.
Series:McGraw-Hill series in political science.
Subjects:

MARC

Tag First Indicator Second Indicator Subfields
LEADER 00000cam a2200000 4500
001 in00000066113
005 20151008051247.0
008 751113s1951 nyua 00000 eng
010 |a  51012918  
035 |a (OCoLC)01830500 
035 |9 AAG6815AM 
040 |a DLC  |c FBA  |d TXA  |d UtOrBLW 
049 |a TXAM  |c [204246] 
050 0 0 |a JX1954  |b .L45 
082 0 |a 341.1 
092 |a 341.1  |b L581i 
100 1 |a Leonard, Leonard L.  |q (Leonard Larry),  |d 1916-2004. 
245 1 0 |a International organization. 
250 |a 1st ed. 
264 1 |a New York :  |b McGraw-Hill,  |c 1951. 
300 |a 630 pages :  |b illustrations ;  |c 24 cm 
336 |a text  |b txt  |2 rdacontent 
337 |a unmediated  |b n  |2 rdamedia 
338 |a volume  |b nc  |2 rdacarrier 
490 1 |a McGraw-Hill series in political science 
650 0 |a International organization. 
650 0 |a International cooperation. 
830 0 |a McGraw-Hill series in political science. 
999 |a MARS 
999 f f |s 444267c8-5c07-3bec-8873-1857fdbacf20  |i 784828ee-645f-3932-82f7-3ae23a44b899  |t 0 
952 f f |p ric  |a Texas A&M University  |b Rellis Campus  |c Joint Library Facility  |d Remote Storage  |t 0  |e JX1954 .L45  |h Library of Congress classification  |i unmediated -- volume  |m A14800782285 
998 f f |a JX1954 .L45  |t 0  |l Remote Storage